Islands of Maine - Statistics

General Stats
  • This quiz has been taken 6 times
  • The average score is 5 of 20
Answer Stats
Answer % Correct
Mount Desert
80%
Swan
80%
Vinalhaven
80%
North Haven
60%
Matinicus
40%
Monhegan
40%
Allen
20%
Arrowsic
20%
Isle au Haut
20%
Sears
20%
Squirrel
20%
Swan's Island
20%
Duck
0%
Dyer
0%
Hog
0%
Ironbound
0%
Malaga
0%
Marshall
0%
Metinic
0%
Seven Hundred Acre
0%
No matching quizzes found
Score Distribution
Percent of People with Each Score
Percentile by Number Answered
Your Score History
You have not taken this quiz